Estadística de pesca (Record no. 184321)

MARC details
000 -LEADER
campo de control de longitud fija 00566nam a2200145 i 4500
001 - NÚMERO DE CONTROL
campo de control 184321
003 - IDENTIFICADOR DE NÚMERO DE CONTROL
campo de control ES-MaACL
005 - FECHA Y HORA DE LA ÚLTIMA TRANSACCIÓN
campo de control 20230906222149.0
008 - DATOS DE LONGITUD FIJA--INFORMACIÓN GENERAL
campo de control de longitud fija 150618s1894 sp |||| | spa d
245 00 - MENCIÓN DEL TÍTULO
Título Estadística de pesca
Resto del título : año 1892 /
Mención de responsabilidad, etc. publicada por la Revista de Pesca Marítima.
260 ## - PUBLICACIÓN, DISTRIBUCIÓN, ETC.
Lugar de publicación, distribución, etc. Madrid :
Nombre del editor, distribuidor, etc. [s.n.],
Fecha de publicación, distribución, etc. 1894 (
Fabricante Imp. de la Viuda é hija de Fuentenebro)
300 ## - DESCRIPCIÓN FÍSICA
Extensión [66] p. ;
Dimensiones 25 cm.
650 #4 - PUNTO DE ACCESO ADICIONAL DE MATERIA--TÉRMINO DE MATERIA
Término de materia o nombre geográfico como elemento de entrada Industria pesquera-
Subdivisión geográfica España-
Subdivisión de forma Estadísticas.
9 (RLIN) 157071
852 ## - LOCALIZACIÓN
Ubicación ES-MaACL
Número de control de estantería T-822-F-7
Nota libre .- Enc. en un vol. facticio conservando la enc. original
Holdings
Estatus retirado Estado de pérdida Estado de daño No para préstamo Colección Biblioteca de origen Biblioteca actual Ubicación en estantería Fecha de adquisición Fuente de adquisición Total de préstamos Signatura topográfica completa Código de barras Visto por última vez Precio de reemplazo Tipo de ítem Koha
        Colección de folletos Biblioteca del Ateneo de Madrid Biblioteca del Ateneo de Madrid Depósito folletos 18/06/2015     T-822-F-7 1193911 23/02/2023 23/02/2023 Folleto